LEADER 01269nam0-22004571i-450- 001 990000679300403321 005 20160421104957.0 035 $a000067930 035 $aFED01000067930 035 $a(Aleph)000067930FED01 035 $a000067930 100 $a20100118d1981----km-y0itay50------ba 101 1 $aita$ceng 102 $aIT 105 $aa-------001yy 200 1 $a<>senso del territorio$fKevin Lynch$gtraduzione di Maria Parodi 210 $aMilano$cIl Saggiatore$d1981 215 $a250 p.$cill.$d21 cm 225 1 $aStruttura e forma urbana$v24 320 $aBibliografia: p. [249]-[259] 454 0$12001$aManaging the sense of a region 610 0 $aPianificazione ambientale 610 0 $aAmbiente 610 0 $aDegrado 610 0 $aTerritorio 676 $a309 676 $a711.1 700 1$aLynch,$bKevin$f<1918-1984>$011116 702 1$aParodi,$bAnna 801 0$aIT$bUNINA$gRICA$2UNIMARC 901 $aBK 912 $a990000679300403321 952 $a01 GB 4104$b05166$fDINST 952 $a341002$b3321$fDCATA 952 $aURB.LE B 642$bINV.1064$fFARBC 952 $aCAN 62$bs.i.$fDINST 959 $aDINST 959 $aDCATA 959 $aFARBC 996 $aSenso del territorio$9298283 997 $aUNINA LEADER 02054oam 2200517Ia 450 001 9910703073303321 005 20230902161605.0 035 $a(CKB)4330000001757664 035 $a(OCoLC)665868911 035 $a(EXLCZ)994330000001757664 100 $a20100927d2010 ua 0 101 0 $aeng 135 $aurmn||||||||| 181 $ctxt$2rdacontent 182 $cc$2rdamedia 183 $acr$2rdacarrier 200 10$aAdvanced dehumidification analysis on Building America homes using EnergyPlus$b[electronic resource] $epreprint /$fXia Fang, Jon Winkler, and Dane Christensen 210 1$aGolden, CO :$cNational Renewable Energy Laboratory,$d[2010] 215 $a1 online resource (8 pages) $cillustrations 225 1 $aNREL/CP ;$v550-48383 300 $aTitle from PDF title screen (NREL, viewed Sept. 27, 2010). 300 $a"August 2010." 300 $a"Presented at International High Performance Buildings Conference at Purdue, West Lafayette, Indiana, July 12-15, 2010." 320 $aIncludes bibliographical references. 410 0$aConference paper (National Renewable Energy Laboratory (U.S.)) ;$vNREL/CP-550-48383. 517 $aAdvanced Dehumidification Analysis on Building America Homes Using EnergyPlus 606 $aHumidity$xControl 606 $aDwellings$xEnergy consumption 606 $aAir conditioning 606 $aArchitecture and energy conservation 615 0$aHumidity$xControl. 615 0$aDwellings$xEnergy consumption. 615 0$aAir conditioning. 615 0$aArchitecture and energy conservation. 700 $aFang$b Xia$01404601 701 $aWinkler$b Jon$01409628 701 $aChristensen$b Dan E$01388053 712 02$aNational Renewable Energy Laboratory (U.S.) 712 12$aInternational High Performance Buildings Conference. 801 0$bSOE 801 1$bSOE 801 2$bGPO 906 $aBOOK 912 $a9910703073303321 996 $aAdvanced dehumidification analysis on Building America homes using EnergyPlus$93502008 997 $aUNINA